<?xml version="1.0" encoding="UTF-8"?><?xml-stylesheet type="text/xsl" href="static/style.xsl"?><OAI-PMH xmlns="http://www.openarchives.org/OAI/2.0/" xmlns:xsi="http://www.w3.org/2001/XMLSchema-instance" xsi:schemaLocation="http://www.openarchives.org/OAI/2.0/ http://www.openarchives.org/OAI/2.0/OAI-PMH.xsd"><responseDate>2026-06-05T15:52:18Z</responseDate><request verb="GetRecord" identifier="oai:riuma.uma.es:10630/28377" metadataPrefix="marc">https://riuma.uma.es/rest/oai/request</request><GetRecord><record><header><identifier>oai:riuma.uma.es:10630/28377</identifier><datestamp>2026-02-03T10:28:39Z</datestamp><setSpec>com_10630_1685</setSpec><setSpec>col_10630_38056</setSpec></header><metadata><record xmlns="http://www.loc.gov/MARC21/slim" xmlns:dcterms="http://purl.org/dc/terms/" xmlns:doc="http://www.lyncode.com/xoai" xmlns:xsi="http://www.w3.org/2001/XMLSchema-instance" xsi:schemaLocation="http://www.loc.gov/MARC21/slim http://www.loc.gov/standards/marcxml/schema/MARC21slim.xsd">
   <leader>00925njm 22002777a 4500</leader>
   <datafield ind2=" " ind1=" " tag="042">
      <subfield code="a">dc</subfield>
   </datafield>
   <datafield ind2=" " ind1=" " tag="720">
      <subfield code="a">López Domínguez, Marina del Carmen</subfield>
      <subfield code="e">author</subfield>
   </datafield>
   <datafield ind2=" " ind1=" " tag="260">
      <subfield code="c">2023</subfield>
   </datafield>
   <datafield ind2=" " ind1=" " tag="520">
      <subfield code="a">El turismo de cruceros ha experimentado un notable crecimiento en los últimos años y se ha convertido en uno de los segmentos turísticos de mayor dinamismo a nivel global. Málaga, en consonancia con esta tendencia, no ha permanecido ajena a esta evolución y ha presenciado un aumento significativo en la llegada de cruceristas a su puerto. En este Trabajo Fin de Máster (TFM), se lleva a cabo un análisis del patrón estacional que caracteriza al turismo de cruceros en Málaga y su influencia en la concentración estacional del turismo hotelero en la ciudad.&#xd;
Una de las conclusiones más destacadas que emerge de este trabajo apunta a que, a pesar de que el turismo de cruceros muestra una concentración estacional anual más acusada en comparación con el turismo hotelero en Málaga, este contribuye de manera positiva a atenuar la concentración estacional del turismo hotelero de la ciudad. Este fenómeno se origina gracias a la compensación entre los meses de máxima demanda en ambos sectores, lo que genera un efecto beneficioso al alargar la temporada turística en la ciudad y reducir la dependencia de los meses de mayor afluencia de visitantes.&#xd;
Este TFM revela la importancia de entender la interacción entre diferentes segmentos del turismo en una región, ya que el turismo de cruceros, a pesar de su concentración estacional, puede desempeñar un papel crucial en la diversificación y estabilización de la economía turística de un destino como Málaga.</subfield>
   </datafield>
   <datafield ind1="8" ind2=" " tag="024">
      <subfield code="a">https://hdl.handle.net/10630/28377</subfield>
   </datafield>
   <datafield tag="653" ind2=" " ind1=" ">
      <subfield code="a">Turismo estacional</subfield>
   </datafield>
   <datafield tag="653" ind2=" " ind1=" ">
      <subfield code="a">Economía aplicada</subfield>
   </datafield>
   <datafield tag="653" ind2=" " ind1=" ">
      <subfield code="a">Empresas turísticas</subfield>
   </datafield>
   <datafield ind2="0" ind1="0" tag="245">
      <subfield code="a">Implicaciones sobre la estacionalidad en destinos litorales españoles del turismo de cruceros. El caso de Málaga</subfield>
   </datafield>
</record>
</metadata></record></GetRecord></OAI-PMH>